书目信息 |
| 题名: |
教育教学知识与能力
|
|
| 作者: | ;圣才学习网 主编 | |
| 分册: | 小学 | |
| 出版信息: | 北京 中国石化出版社 2019.09 |
|
| 页数: | 324页 | |
| 开本: | 26cm | |
| 丛书名: | ||
| 单 册: | ||
| 中图分类: | G451.1 , G625.1 | |
| 科图分类: | ||
| 主题词: | 教学能力--资格考试--教材 , 小学教师--教学能力--资格考试--教材 | |
| 电子资源: | ||
| ISBN: | 978-7-5114-5304-4 | |
| 000 | 01243nam0 2200277 450 | |
| 001 | 0103152654 | |
| 005 | 20201103152731.0 | |
| 010 | @a978-7-5114-5304-4@dCNY60.00 | |
| 100 | @a20200408d2019 em y0chiy50 ea | |
| 101 | 0 | @achi |
| 102 | @aCN@b110000 | |
| 105 | @aak z 000yy | |
| 106 | @ar | |
| 200 | 1 | @a教育教学知识与能力@Ajiao yu jiao xue zhi shi yu neng li@i小学@f圣才学习网主编 |
| 210 | @a北京@c中国石化出版社@d2019.09 | |
| 215 | @a324页@c图@d26cm | |
| 300 | @a国家教师资格考试专用教材 | |
| 330 | @a本书由三部分组成:第一部分为备考指导篇,全面剖析考试,指导考生备考;第二部分为基础掌握篇,按照考试大纲及相关教材,整理归纳知识要点配以考试真题,做到讲练结合,高效记忆,同时每章最后配有强化习题,所选习题紧扣考纲要求,深度契合考试特点,每道习题都有答案解析;第三部分为能力提升篇,结合考试大纲及近年的命题规律精心编写2套预测试卷,并根据最新指定教材和法律法规对所有试题进行了详细的分析和说明,帮助考生强化知识,提升实战能力,轻松应对考试。 | |
| 517 | 1 | @a小学@Axiao xue |
| 606 | 0 | @a教学能力@x资格考试@j教材 |
| 606 | 0 | @a小学教师@x教学能力@x资格考试@j教材 |
| 690 | @aG451.1@v5 | |
| 690 | @aG625.1@v5 | |
| 711 | 02 | @a圣才学习网@Asheng cai xue xi wang@4主编 |
| 801 | 0 | @aCN@bBJSZM@c20201103 |
| 905 | @b1257026-30@dG451.1@e391@f5 | |
| 教育教学知识与能力.小学/圣才学习网主编.-北京:中国石化出版社,2019.09 |
| 324页:图;26cm |
| 国家教师资格考试专用教材 |
| ISBN 978-7-5114-5304-4:CNY60.00 |
| 本书由三部分组成:第一部分为备考指导篇,全面剖析考试,指导考生备考;第二部分为基础掌握篇,按照考试大纲及相关教材,整理归纳知识要点配以考试真题,做到讲练结合,高效记忆,同时每章最后配有强化习题,所选习题紧扣考纲要求,深度契合考试特点,每道习题都有答案解析;第三部分为能力提升篇,结合考试大纲及近年的命题规律精心编写2套预测试卷,并根据最新指定教材和法律法规对所有试题进行了详细的分析和说明,帮助考生强化知识,提升实战能力,轻松应对考试。 |
| ● |
| 相关链接 |
|
|
|
|
正题名:教育教学知识与能力
索取号:G451.1/391
 
预约/预借
| 序号 | 登录号 | 条形码 | 馆藏地/架位号 | 状态 | 备注 |
| 1 | 1257026 | 212570261 | 第一样本阅览室/ [索取号:G451.1/391] | 在馆 | |
| 2 | 1257027 | 212570270 | 教育系资料室/ [索取号:G451.1/391] | 在馆 | |
| 3 | 1257028 | 212570289 | 教育系资料室/ [索取号:G451.1/391] | 在馆 | |
| 4 | 1257029 | 212570298 | 第四借阅区/ [索取号:G451.1/391] | 在馆 | |
| 5 | 1257030 | 212570305 | 第四借阅区/ [索取号:G451.1/391] | 在馆 |